000 00616nam a2200181 i 4500
001 62121
003 ES-MaACL
005 20230906164618.0
007 t|
008 031118s1910 fr ||||1| fre d
100 1 _aBourrienne, Louis-Antoine Fauvelet de.
_931024
245 1 0 _aMémoires de M. de Bourrienne, secrétaire intime du Premier Consul /
_cintroduction par Emile Sedeyn.
260 _aParis :
_bArthème Fayard,
_c[1910]
300 _a158 p. ;
_c24 cm.
500 _aMémoires et souvenirs publiés sous la direction de F. Funk-Brentano.
700 1 _aSedeyn, Emile.
_9105068
852 _aES-MaACL
_jC-1117
999 _c62121
_d62121